The design and analysis of research studies /
Guardado en:
| Autor Principal: | |
|---|---|
| Formato: | Libro |
| Idioma: | English |
| Publicado: |
Cambridge ; New York :
Cambridge University Press,
1992.
|
| Materias: | |
| Acceso en línea: | Publisher description |
| Etiquetas: |
Agregar Etiqueta
Sin Etiquetas, Sea el primero en etiquetar este registro!
|
| LEADER | 01240cam a2200229 a 4500 | ||
|---|---|---|---|
| 001 | MAT.inmabb006742 | ||
| 008 | 910524s1992####enka#####b####001#0#eng## | ||
| 005 | 20120919165047.0 | ||
| 245 | 1 | 4 | |a The design and analysis of research studies / |c by Bryan F. J. Manly. |
| 260 | |a Cambridge ; |a New York : |b Cambridge University Press, |c 1992. | ||
| 300 | |a xvi, 353 p. : |b il. ; |c 24 cm. | ||
| 504 | |a Incluye referencias bibliográficas (p. 336-344) e índices. | ||
| 505 | 0 | |a 1. Preview -- 2. The sample survey -- 3. Other sampling designs -- 4. The linear regression model -- 5. Experimental designs to assess the effect of a treatment -- 6. Interrupted time series -- 7. More advanced experimental designs -- 8. Some special types of data -- 9. Computer intensive statistics -- 10. Ethical considerations -- 11. Synthesis: carrying out a research study. | |
| 020 | |a 0521414539 (hardback) | ||
| 020 | |a 0521425808 (pbk.) | ||
| 100 | 1 | |a Manly, Bryan F. J., |d 1944- | |
| 650 | 0 | |a Medicine |x Research |x Statistical methods. | |
| 084 | |a 62Pxx (62P10 62P25) |2 msc2000 | ||
| 010 | |a 91000788 | ||
| 040 | |a DLC |c DLC |d DLC | ||
| 856 | 4 | 2 | |3 Publisher description |u http://www.loc.gov/catdir/description/cam024/91000788.html |
| 859 | |h 62 |i M279 |p A-6832 |b BIB. MATEMATICA | ||
